| 000 | 00661nam a2200205Ia 4500 | ||
|---|---|---|---|
| 003 | GCL | ||
| 008 | 140319s9999 xx 000 0 ara d | ||
| 040 |
_aGCL / _cGCL |
||
| 082 | 0 | 4 |
_a341.247 _bع م |
| 100 | 1 | _aعلى شفيق | |
| 245 | 1 | 0 |
_aمجلس التعاون الخليجى من منظور العلاقات الدولية / _cعلى شفيق |
| 300 | _a420 ص | ||
| 490 | _a | ||
| 650 | 0 | 4 | _aالعالم العربى |
| 650 | 0 | 4 | _aالتعاون الدولى |
| 650 | 0 | 4 | _aالعلاقات الخارجية |
| 650 | 0 | 4 | _aالمنازعات الدولية |
| 650 | 0 | 4 | _aمجلس التعاون لدول الخليج العرب |
| 942 |
_2ddc _cBK |
||
| 999 |
_c40874 _d40874 |
||